000 00376nam a22001697a 4500
003 MPLRDC
005 20220104123954.0
008 210129b ||||| |||| 00| 0 eng d
082 _a802.6 HR-2
100 _a何容著
245 _a简明国语文法
_c
250 _a四版
260 _a
_b正中书局
_c1957
300 _b
650 _a
942 _cBK
_o802.6 HR-2
999 _c15642
_d15632